Pytania od A-Z, Geografia - Statystyki

Ogólne statystyki
  • Ten quiz został rozwiązany 387 razy
  • Średni wynik to 18 z 23
Statystyki odpowiedzi
Pytanie Odpowiedź % Poprawnych
A-Najdłuższa rzeka na świecie Amazonka
95%
F-Państwo z Wieżą Eiffla Francja
95%
J-Kraj z flagą, na której znajduje się czerwone koło na białym tle Japonia
91%
W-Najdłuższa rzeka w Polsce Wisła
90%
M-Stolica Białorusi Mińsk
89%
O-Państwo na półwyspie Arabskim Oman
89%
H-Pasmo górskie, w którym położony jest Mount Everest Himalaje
88%
N-Najdłuższa rzeka w Afryce Nil
88%
P-Państwo w Europie najbardziej wysunięte na zachód Portugalia
88%
D-Stolicą tego województwa jest Wrocław Dolnośląskie
87%
T-Jedna ze stolic województwa Kujawsko-Pomorskiego Toruń
87%
Y-Miasto w Stanach Zjednoczonych Ameryki, Nowy... York
87%
C-Największy eksporter na świecie Chiny
86%
R-Były główny eksporter ropy naftowej do Polski Rosja
86%
L-Najbardziej zalesione województwo Lubuskie
85%
G-Zaczynają się od 300 metrów nad poziomem morza Góry
81%
Z-Komunistyczne państwo, które upadło w 1991 roku ZSRR
80%
E-Państwo, w którym znajduje się kanał Sueski Egipt
79%
S-Rzeka na południowym wschodzie Polski San
66%
I-Państwo podzielone na dwie płyty tektoniczne (litosfery), na płytę Północnoamerykańską i płytę Euroazjatycką Islandia
60%
K-Morze w Ameryce Północnej gdzie znajduje się m. in. Kuba, Jamajka Karaiby
43%
U-Jeden z trzech struktur zatrudnienia Usługi
33%
B-Rzeka przepływająca przez Szprotawę Bóbr
21%
Nie znaleziono quizów pasujących do podanych kryteriów
Rozkład punktacji
Procent ludzi z każdym wynikiem
Percentyl według liczby udzielonych odpowiedzi
Twoja historia wyników
Nie rozwiązałeś tego quizu